Diagnóstico de infraestructura escolar en el municipio de San Juan de Limay y anteproyecto de ampliación y mantenimiento del instituto Rubén Darío, período marzo 2009 a junio 2010

Presenta un diagnóstico de infraestructura escolar e institucional del municipio de San Juan de Limay departamento de Estelí, presenta el levantamiento físico de los establecimientos escolares del municipio de Estelí, presenta información por medio de ficha de registro de información de establ...

Full description

Bibliographic Details
Main Author: Huerta Prado, José Rafael
Other Authors: Tutor: Hernández Hidalgo, Heimdall Verónica
Format: Tesis Section = Libro
Language:Undetermined
Spanish
Published: Managua UNI 2011
Subjects:
LEADER 01468nam a2200253Ia 4500
008 240830s9999 xx 000 0 und d
040 |a BIBLIOTECA-RUSB/ Mon 727.1 H887 
041 |a spa 
082 |a Mon 727.1 H887 
100 1 |a Huerta Prado, José Rafael 
245 1 0 |a Diagnóstico de infraestructura escolar en el municipio de San Juan de Limay y anteproyecto de ampliación y mantenimiento del instituto Rubén Darío, período marzo 2009 a junio 2010 
260 |a Managua  |b UNI  |c 2011 
300 |a 130 p. :il. 
500 |a Informe prácticas profesionales supervisada. Convenio de cooperación técnica MINED-UNI 2009. 
502 |a Tesis (Arquitecto) - UNI, 2011. 
520 3 |a Presenta un diagnóstico de infraestructura escolar e institucional del municipio de San Juan de Limay departamento de Estelí, presenta el levantamiento físico de los establecimientos escolares del municipio de Estelí, presenta información por medio de ficha de registro de información de establecimientos escolares R.I.E.E.S y levantamiento de coordenadas con sistema de posicionamiento global GPS. 
650 7 |a DIAGNÓSTICO - INFRAESTRUCTURA ESCOLAR 
650 7 |b  LEVANTAMIENTO DE PLANTA FISICA - ESTABLECIMIENTOS ESCOLARES 
650 7 |c  INSTALACIONES EDUCATIVAS - COORDENADAS GEOGRÁFICAS 
650 7 |d  ARQUITECTURA - DISEÑOS Y PLANOS 
700 1 |a Tutor:  |b Hernández Hidalgo, Heimdall Verónica 
942 |c BK  |2 ddc 
991 |a TESIS 
999 |c 21379